Southville International School and Colleges
Your cart is empty.
  • Cart
  • Lists
    Public lists Eva Luna New books Lux_list list_1
    Your lists Log in to create your own lists
  • Log in to your account
  • Your cookies
  • Search history
Southville International School and Colleges
  • Advanced search
  • Recent comments
  • Most popular
  • Libraries

Log in to your account

Log in with GOOGLE


If you do not have an external account, but do have a local account, you can still log in:

  1. Home
  2. MARC view: General chemistry /
Normal view MARC view ISBD view

General chemistry / (Record no. 21117)

[ view plain ]
MARC details
000 -LEADER
fixed length control field 00603nam a2200217 a 4500
005 - DATE AND TIME OF LATEST TRANSACTION
control field 20140310183309.0
008 - FIXED-LENGTH DATA ELEMENTS--GENERAL INFORMATION
fixed length control field 050907s19uu xx 00 eng d
020 ## - INTERNATIONAL STANDARD BOOK NUMBER
International Standard Book Number 0534408605
050 ## - LIBRARY OF CONGRESS CALL NUMBER
Classification number QD 31.2
Item number .W53 2004
100 ## - MAIN ENTRY--PERSONAL NAME
Personal name Whitten, Kenneth W.
245 ## - TITLE STATEMENT
Title General chemistry /
Statement of responsibility, etc Kenneth W. Whitten.
250 ## - EDITION STATEMENT
Edition statement 7th ed.
260 ## - PUBLICATION, DISTRIBUTION, ETC. (IMPRINT)
Place of publication, distribution, etc Australia :
Name of publisher, distributor, etc Thomson Brooks/Cole,
Date of publication, distribution, etc 2004.
300 ## - PHYSICAL DESCRIPTION
Extent I-271132 p. :
Other physical details col. ill. ;
Dimensions 27 cm.
650 ## - SUBJECT ADDED ENTRY--TOPICAL TERM
Topical term or geographic name as entry element Chemistry.
700 ## - ADDED ENTRY--PERSONAL NAME
Personal name Davis, Raymond E.
700 ## - ADDED ENTRY--PERSONAL NAME
Personal name Peck, Larry M.
700 ## - ADDED ENTRY--PERSONAL NAME
Personal name Stanley, George G.
942 ## - ADDED ENTRY ELEMENTS (KOHA)
Koha item type Books
Source of classification or shelving scheme Library of Congress Classification
Call number prefix Foreign
Holdings
Withdrawn status Lost status Source of classification or shelving scheme Damaged status Home library Current library Shelving location Date acquired Total Checkouts Total Renewals Full call number Barcode Date last seen Date checked out Copy number Price effective from Koha item type
    Library of Congress Classification   College Library College Library General Circulation Section 01/07/2014 1 1 QD 31.2 .W53 2004 C6157 05/15/2018 08/23/2014 1 01/07/2014 Books

General chemistry /

APA

Whitten K. W., Davis R. E., Peck L. M. & Stanley G. G. (2004). General chemistry. Australia: Thomson Brooks/Cole.

Chicago

Whitten Kenneth W, Davis Raymond E, Peck Larry M and Stanley George G. 2004. General chemistry. Australia: Thomson Brooks/Cole.

Harvard

Whitten K. W., Davis R. E., Peck L. M. and Stanley G. G. (2004). General chemistry. Australia: Thomson Brooks/Cole.

MLA

Whitten Kenneth W, Davis Raymond E, Peck Larry M and Stanley George G. General chemistry. Australia: Thomson Brooks/Cole. 2004.

  • Place hold
  • Print
  • Cite
  • Add to your cart (remove)
  • Save record
    BIBTEX Dublin Core MARCXML MARC (non-Unicode/MARC-8) MARC (Unicode/UTF-8) MARC (Unicode/UTF-8, Standard) MODS (XML) RIS
  • More searches
    Search for this title in:
    Other Libraries (WorldCat) Other Databases (Google Scholar) Online Stores (Bookfinder.com) Open Library (openlibrary.org)

Exporting to Dublin Core...

SOUTHVILLE LIBRARY

Southville International School and Colleges Library

1281 Tropical Ave. Cor. Luxembourg St., BF Homes International, Las Pinas City

Tel. No. 8256374 / 252358 Loc. 117/146

Powered by Koha